[Event "Is Bankasi Online Satranc Turn.13-14 Yas"]
[Site "T#645826Mustafa Kemal"]
[Date "2020.05.08"]
[Round "2"]
[White "Sarpkagankoca32"]
[Black "Abdullahmertan32"]
[Result "1/2-1/2"]
[WhiteElo "1620"]
[BlackElo "1843"]
[Annotator "NA RC"]
[PlyCount "135"]
[EventDate "2020.05.08"]
[EventType "swiss (blitz)"]

1. e4 {[%emt 0:00:02]} e5 {[%emt 0:00:02]} 2. f4 {[%emt 0:00:01]} exf4 {[%emt 0:00:02]} 3. Nf3 {[%emt 0:00:01]} Ne7 {[%emt 0:00:03]} 4. Bc4 {[%emt 0:00:06]} Ng6 {[%emt 0:00:06]} 5. O-O {[%emt 0:00:15]} Be7 {[%emt 0:00:04]} 6. d4 {[%emt 0:00:13]} d6 {[%emt 0:00:04]} 7. Nc3 {[%emt 0:00:27]} O-O {[%emt 0:00:21]} 8. Bd2 {[%emt 0:00:31]} c6 {[%emt 0:00:08]} 9. Qc1 {[%emt 0:00:23]} b5 {[%emt 0:00:21]} 10. Bb3 {[%emt 0:00:05]} a5 {[%emt 0:00:23]} 11. a3 {[%emt 0:00:06]} Ba6 {[%emt 0:00:07]} 12. Re1 {[%emt 0:00:14]} Nd7 {[%emt 0:00:28]} 13. Bxf4 {[%emt 0:00:11]} Nxf4 {[%emt 0:00:11]} 14. Qxf4 {[%emt 0:00:00]} c5 {[%emt 0:00:37]} 15. dxc5 {[%emt 0:00:08]} dxc5 {[%emt 0:00:03]} 16. Bd5 {[%emt 0:00:04]} Rb8 {[%emt 0:00:11]} 17. Rad1 {[%emt 0:00:13]} Qc8 {[%emt 0:00:06]} 18. Ng5 {[%emt 0:00:19]} Bxg5 {[%emt 0:00:08]} 19. Qxg5 {[%emt 0:00:00]} Nf6 {[%emt 0:00:01]} 20. Rf1 {[%emt 0:00:09]} Nxd5 {[%emt 0:00:02]} 21. Nxd5 {[%emt 0:00:00]} Qe6 {[%emt 0:00:11]} 22. Nc7 {[%emt 0:00:13]} Qc8 {[%emt 0:00:02]} 23. Nxa6 {[%emt 0:00:01]} Qxa6 {[%emt 0:00:01]} 24. Rd5 {[%emt 0:00:00]} Qe6 {[%emt 0:00:02]} 25. Rxc5 {[%emt 0:00:01]} Qxe4 {[%emt 0:00:02]} 26. Rxb5 {[%emt 0:00:01]} Rxb5 {[%emt 0:00:02]} 27. Qxb5 {[%emt 0:00:00]} Qxc2 {[%emt 0:00:01]} 28. Qxa5 {[%emt 0:00:01]} Qxb2 {[%emt 0:00:01]} 29. Qb4 {[%emt 0:00:01]} Qxb4 {[%emt 0:00:02]} 30. axb4 {[%emt 0:00:00]} Rb8 {[%emt 0:00:01]} 31. Rc1 {[%emt 0:00:02]} f6 {[%emt 0:00:03]} 32. Rb1 {[%emt 0:00:02]} Rb5 {[%emt 0:00:02]} 33. Kf2 {[%emt 0:00:02]} Kf7 {[%emt 0:00:01]} 34. Ke3 {[%emt 0:00:01]} Ke6 {[%emt 0:00:01]} 35. Kd4 {[%emt 0:00:04]} Kd6 {[%emt 0:00:02]} 36. Kc4 {[%emt 0:00:01]} Kc6 {[%emt 0:00:03]} 37. Re1 {[%emt 0:00:04]} Rb7 {[%emt 0:00:03]} 38. Re6+ {[%emt 0:00:06]} Kd7 {[%emt 0:00:01]} 39. Re1 {[%emt 0:00:03]} Kc6 {[%emt 0:00:04]} 40. Re6+ {[%emt 0:00:02]} Kd7 {[%emt 0:00:01]} 41. Re1 {[%emt 0:00:01]} Kd6 {[%emt 0:00:03]} 42. Rd1+ {[%emt 0:00:01]} Kc6 {[%emt 0:00:01]} 43. Re1 {[%emt 0:00:01]} Rd7 {[%emt 0:00:02]} 44. Re6+ {[%emt 0:00:04]} Kb7 {[%emt 0:00:02]} 45. b5 {[%emt 0:00:05]} Rc7+ {[%emt 0:00:03]} 46. Kb4 {[%emt 0:00:01]} f5 {[%emt 0:00:05]} 47. Re5 {[%emt 0:00:05]} g6 {[%emt 0:00:01]} 48. Re6 {[%emt 0:00:02]} Rd7 {[%emt 0:00:04]} 49. Re2 {[%emt 0:00:02]} Rc7 {[%emt 0:00:01]} 50. Ka5 {[%emt 0:00:02]} Rd7 {[%emt 0:00:04]} 51. b6 {[%emt 0:00:02]} Rd5+ {[%emt 0:00:01]} 52. Kb4 {[%emt 0:00:02]} Kxb6 {[%emt 0:00:01]} 53. Re7 {[%emt 0:00:02]} h5 {[%emt 0:00:03]} 54. Rg7 {[%emt 0:00:01]} Rd6 {[%emt 0:00:01]} 55. Kc4 {[%emt 0:00:01]} Kc6 {[%emt 0:00:02]} 56. Kb4 {[%emt 0:00:01]} Rf6 {[%emt 0:00:01]} 57. Kc4 {[%emt 0:00:01]} Kd6 {[%emt 0:00:01]} 58. Kd4 {[%emt 0:00:01]} Ke6 {[%emt 0:00:01]} 59. Ke3 {[%emt 0:00:02]} f4+ {[%emt 0:00:03]} 60. Kf3 {[%emt 0:00:02]} Kf5 {[%emt 0:00:03]} 61. h4 {[%emt 0:00:09]} Re6 {[%emt 0:00:01]} 62. Rg8 {[%emt 0:00:03]} Re3+ {[%emt 0:00:01]} 63. Kf2 {[%emt 0:00:02]} Re6 {[%emt 0:00:02]} 64. Kf3 {[%emt 0:00:01]} Rf6 {[%emt 0:00:02]} 65. Rg7 {[%emt 0:00:02]} Ke5 {[%emt 0:00:02]} 66. Kf2 {[%emt 0:00:01]} Ke4 {[%emt 0:00:01]} 67. Ke2 {[%emt 0:00:01]} Kf5 {[%emt 0:00:03]} 68. Kf3 {[%emt 0:00:01] (Lag: Av=0.88s, max=1.1s)} 1/2-1/2

[Event "Is Bankasi Online Satranc Turn.13-14 Yas"]
[Site "T#645826Mustafa Kemal"]
[Date "2020.05.08"]
[Round "2"]
[White "Sinasiatabozku42"]
[Black "Taylanruzgarin00"]
[Result "0-1"]
[WhiteElo "1620"]
[BlackElo "1620"]
[Annotator "NA RC"]
[PlyCount "62"]
[EventDate "2020.05.08"]
[EventType "swiss (blitz)"]

1. c4 {[%emt 0:00:04]} Nf6 {[%emt 0:00:02]} 2. Nc3 {[%emt 0:00:02]} d5 {[%emt 0:00:02]} 3. cxd5 {[%emt 0:00:02]} Nxd5 {[%emt 0:00:01]} 4. g3 {[%emt 0:00:02]} g6 {[%emt 0:00:03]} 5. Bg2 {[%emt 0:00:02]} Nb6 {[%emt 0:00:01]} 6. Nf3 {[%emt 0:00:02]} Bg7 {[%emt 0:00:02]} 7. O-O {[%emt 0:00:03]} O-O {[%emt 0:00:01]} 8. d3 {[%emt 0:00:05]} Nc6 {[%emt 0:00:05]} 9. Nd2 {[%emt 0:00:02]} e5 {[%emt 0:00:06]} 10. e4 {[%emt 0:00:05]} Nd4 {[%emt 0:00:05]} 11. Nf3 {[%emt 0:00:16]} Bg4 {[%emt 0:00:05]} 12. h3 {[%emt 0:00:20]} Nxf3+ {[%emt 0:00:04]} 13. Bxf3 {[%emt 0:00:00]} Bxh3 {[%emt 0:00:01]} 14. Bg2 {[%emt 0:00:05]} Bxg2 {[%emt 0:00:02]} 15. Kxg2 {[%emt 0:00:00]} Qd7 {[%emt 0:00:02]} 16. f4 {[%emt 0:00:02]} Rad8 {[%emt 0:00:05]} 17. Rf3 {[%emt 0:00:06]} exf4 {[%emt 0:00:04]} 18. Bxf4 {[%emt 0:00:03]} c6 {[%emt 0:00:05]} 19. Qe2 {[%emt 0:00:04]} Rfe8 {[%emt 0:00:02]} 20. Rd1 {[%emt 0:00:10]} Qe6 {[%emt 0:00:10]} 21. Qf2 {[%emt 0:00:13]} Bd4 {[%emt 0:00:15]} 22. Be3 {[%emt 0:00:05]} Bxe3 {[%emt 0:00:03]} 23. Qxe3 {[%emt 0:00:03]} Nd5 {[%emt 0:00:16]} 24. Nxd5 {[%emt 0:00:16]} cxd5 {[%emt 0:00:02]} 25. Re1 {[%emt 0:00:15]} dxe4 {[%emt 0:00:03]} 26. dxe4 {[%emt 0:00:02]} Qxa2 {[%emt 0:00:05]} 27. Rf2 {[%emt 0:00:16]} Qa6 {[%emt 0:00:27]} 28. Qf3 {[%emt 0:00:12]} Re7 {[%emt 0:00:06]} 29. e5 {[%emt 0:00:05]} Rde8 {[%emt 0:00:04]} 30. Rfe2 {[%emt 0:00:02]} Qb5 {[%emt 0:00:05]} 31. Qf5 {[%emt 0:00:21]} gxf5 {[%emt 0:00:03] Sinasiatabozku42 terk eder (Lag: Av=1.15s, max=5.8s)} 0-1

[Event "Is Bankasi Online Satranc Turn.13-14 Yas"]
[Site "T#645826Mustafa Kemal"]
[Date "2020.05.08"]
[Round "2"]
[White "Sungurgursu08"]
[Black "Yigitemreyilma02"]
[Result "1-0"]
[WhiteElo "1620"]
[BlackElo "1620"]
[Annotator "NA RC"]
[PlyCount "87"]
[EventDate "2020.05.08"]
[EventType "swiss (blitz)"]

1. Nf3 {[%emt 0:00:03]} Nf6 {[%emt 0:00:05]} 2. g3 {[%emt 0:00:01]} b6 {[%emt 0:00:01]} 3. Bg2 {[%emt 0:00:01]} Bb7 {[%emt 0:00:00]} 4. O-O {[%emt 0:00:00]} e6 {[%emt 0:00:01]} 5. d4 {[%emt 0:00:02]} Be7 {[%emt 0:00:03]} 6. c4 {[%emt 0:00:01]} Ne4 {[%emt 0:00:01]} 7. Nc3 {[%emt 0:00:03]} f5 {[%emt 0:00:18]} 8. Bf4 {[%emt 0:00:22]} d6 {[%emt 0:00:04]} 9. h4 {[%emt 0:00:04]} Nd7 {[%emt 0:00:01]} 10. Nxe4 {[%emt 0:00:32]} Bxe4 {[%emt 0:00:14]} 11. e3 {[%emt 0:00:09]} h6 {[%emt 0:00:10]} 12. Nd2 {[%emt 0:00:13]} Bxg2 {[%emt 0:00:13]} 13. Qh5+ {[%emt 0:00:06]} Kf8 {[%emt 0:00:06]} 14. Kxg2 {[%emt 0:00:01]} Nf6 {[%emt 0:00:11]} 15. Qe2 {[%emt 0:00:04]} Kg8 {[%emt 0:00:14]} 16. e4 {[%emt 0:00:04]} Nxe4 {[%emt 0:00:17]} 17. Nxe4 {[%emt 0:00:02]} fxe4 {[%emt 0:00:01]} 18. Qxe4 {[%emt 0:00:01]} Qd7 {[%emt 0:00:01]} 19. Rae1 {[%emt 0:00:05]} Kf7 {[%emt 0:00:03]} 20. h5 {[%emt 0:00:16]} Bf6 {[%emt 0:00:23]} 21. Re2 {[%emt 0:00:25]} Rhe8 {[%emt 0:00:05]} 22. Rfe1 {[%emt 0:00:01]} Kg8 {[%emt 0:00:16]} 23. Qg6 {[%emt 0:00:12]} Re7 {[%emt 0:00:05]} 24. Bxh6 {[%emt 0:00:07]} Bxd4 {[%emt 0:00:10]} 25. Rxe6 {[%emt 0:00:09]} Rxe6 {[%emt 0:00:02]} 26. Rxe6 {[%emt 0:00:02]} Rf8 {[%emt 0:00:09]} 27. Be3 {[%emt 0:00:10]} Bxe3 {[%emt 0:00:18]} 28. Rxe3 {[%emt 0:00:00]} Qc6+ {[%emt 0:00:08]} 29. Qe4 {[%emt 0:00:02]} Qxe4+ {[%emt 0:00:02]} 30. Rxe4 {[%emt 0:00:00]} Rf7 {[%emt 0:00:05]} 31. g4 {[%emt 0:00:04]} Kh7 {[%emt 0:00:01]} 32. Kg3 {[%emt 0:00:03]} Kh6 {[%emt 0:00:01]} 33. f4 {[%emt 0:00:02]} Kh7 {[%emt 0:00:04]} 34. g5 {[%emt 0:00:03]} Kg8 {[%emt 0:00:05]} 35. Kg4 {[%emt 0:00:03]} Kf8 {[%emt 0:00:01]} 36. f5 {[%emt 0:00:03]} a6 {[%emt 0:00:04]} 37. Re6 {[%emt 0:00:11]} a5 {[%emt 0:00:02]} 38. g6 {[%emt 0:00:04]} Rd7 {[%emt 0:00:02]} 39. Kg5 {[%emt 0:00:01]} a4 {[%emt 0:00:03]} 40. f6 {[%emt 0:00:05]} gxf6+ {[%emt 0:00:01]} 41. Kxf6 {[%emt 0:00:01]} c6 {[%emt 0:00:02]} 42. h6 {[%emt 0:00:01]} d5 {[%emt 0:00:03]} 43. g7+ {[%emt 0:00:04]} Kg8 {[%emt 0:00:01]} 44. Re8+ {[%emt 0:00:01] Yigitemreyilma02 terk eder (Lag: Av=0.53s, max=1.0s)} 1-0

[Event "Is Bankasi Online Satranc Turn.13-14 Yas"]
[Site "T#645826Mustafa Kemal"]
[Date "2020.05.08"]
[Round "2"]
[White "Tahasahin54"]
[Black "Efesay24"]
[Result "1-0"]
[WhiteElo "1620"]
[BlackElo "1620"]
[Annotator "NA RC"]
[PlyCount "59"]
[EventDate "2020.05.08"]
[EventType "swiss (blitz)"]

1. e4 {[%emt 0:00:05]} c6 {[%emt 0:00:01]} 2. d4 {[%emt 0:00:02]} d5 {[%emt 0:00:01]} 3. exd5 {[%emt 0:00:01]} cxd5 {[%emt 0:00:01]} 4. Bd3 {[%emt 0:00:03]} Nf6 {[%emt 0:00:02]} 5. c3 {[%emt 0:00:04]} Bg4 {[%emt 0:00:07]} 6. Qb3 {[%emt 0:00:02]} Qc7 {[%emt 0:00:12]} 7. Ne2 {[%emt 0:00:07]} e6 {[%emt 0:00:04]} 8. Bf4 {[%emt 0:00:03]} Qc8 {[%emt 0:00:35]} 9. O-O {[%emt 0:00:06]} Nc6 {[%emt 0:00:08]} 10. Nd2 {[%emt 0:00:05]} Qd7 {[%emt 0:00:04]} 11. Ng3 {[%emt 0:00:06]} Bd6 {[%emt 0:00:09]} 12. Bxd6 {[%emt 0:00:08]} Qxd6 {[%emt 0:00:02]} 13. h3 {[%emt 0:00:03]} Bh5 {[%emt 0:00:13]} 14. Nxh5 {[%emt 0:00:02]} Nxh5 {[%emt 0:00:02]} 15. Rfe1 {[%emt 0:00:06]} O-O {[%emt 0:00:10]} 16. Nf3 {[%emt 0:00:04]} Nf4 {[%emt 0:00:09]} 17. Bf1 {[%emt 0:00:02]} Na5 {[%emt 0:00:13]} 18. Qd1 {[%emt 0:00:05]} Nc4 {[%emt 0:00:05]} 19. Rb1 {[%emt 0:00:24]} Rac8 {[%emt 0:00:12]} 20. Ne5 {[%emt 0:00:05]} Nxe5 {[%emt 0:00:07]} 21. dxe5 {[%emt 0:00:14]} Qc6 {[%emt 0:00:07]} 22. h4 {[%emt 0:00:11]} Ng6 {[%emt 0:00:14]} 23. h5 {[%emt 0:00:05]} Ne7 {[%emt 0:00:02]} 24. h6 {[%emt 0:00:19]} g6 {[%emt 0:00:06]} 25. Qf3 {[%emt 0:00:37]} Nf5 {[%emt 0:00:03]} 26. Qf4 {[%emt 0:00:02]} Qc7 {[%emt 0:00:19]} 27. g4 {[%emt 0:00:04]} Qe7 {[%emt 0:00:21]} 28. gxf5 {[%emt 0:00:03]} gxf5 {[%emt 0:00:00]} 29. Qg3+ {[%emt 0:00:04]} Kh8 {[%emt 0:00:03]} 30. Qg7# {[%emt 0:00:03] (Lag: Av=1.53s, max=1.9s)} 1-0

[Event "Is Bankasi Online Satranc Turn.13-14 Yas"]
[Site "T#645826Mustafa Kemal"]
[Date "2020.05.08"]
[Round "2"]
[White "Umutsenocak54"]
[Black "Onuryasa94"]
[Result "0-1"]
[WhiteElo "1620"]
[BlackElo "1224"]
[Annotator "NA RC"]
[PlyCount "37"]
[EventDate "2020.05.08"]
[EventType "swiss (blitz)"]

1. c4 {[%emt 0:00:03]} e5 {[%emt 0:00:03]} 2. Nc3 {[%emt 0:00:02]} Nc6 {[%emt 0:00:03]} 3. e3 {[%emt 0:00:01]} Nf6 {[%emt 0:00:01]} 4. Qc2 {[%emt 0:00:09]} d6 {[%emt 0:00:06]} 5. Nf3 {[%emt 0:00:06]} Bg4 {[%emt 0:00:03]} 6. Be2 {[%emt 0:00:08]} Be7 {[%emt 0:00:07]} 7. h3 {[%emt 0:00:04]} Bh5 {[%emt 0:00:04]} 8. O-O {[%emt 0:00:13]} Qd7 {[%emt 0:00:13]} 9. Re1 {[%emt 0:00:03]} O-O {[%emt 0:00:03]} 10. Nh2 {[%emt 0:00:05]} Bg6 {[%emt 0:00:03]} 11. Ng4 {[%emt 0:00:04]} Bxc2 {[%emt 0:00:06]} 12. d3 {[%emt 0:00:11]} Nxg4 {[%emt 0:00:06]} 13. Bxg4 {[%emt 0:00:03]} Qd8 {[%emt 0:00:04]} 14. Be2 {[%emt 0:00:02]} Bg5 {[%emt 0:00:21]} 15. Bd2 {[%emt 0:00:03]} Nb4 {[%emt 0:00:04]} 16. a3 {[%emt 0:00:17]} Nxd3 {[%emt 0:00:02]} 17. Rf1 {[%emt 0:00:16]} Nxb2 {[%emt 0:00:07]} 18. Ra2 {[%emt 0:00:05]} Nxc4 {[%emt 0:00:24]} 19. Rb2 {[%emt 0:00:04] Umutsenocak54 terk eder (Lag: Av=0.49s, max=1.0s)} 0-1

[Event "Is Bankasi Online Satranc Turn.13-14 Yas"]
[Site "T#645826Mustafa Kemal"]
[Date "2020.05.08"]
[Round "2"]
[White "nailardauysal32"]
[Black "Caputcuoglu20"]
[Result "0-1"]
[WhiteElo "1620"]
[BlackElo "2070"]
[Annotator "TA"]
[PlyCount "74"]
[EventDate "2020.05.08"]
[EventType "swiss (blitz)"]

{[%evp 12,73,3,0,0,0,0,0,14,0,18,22,21,11,50,0,-13,-30,-24,-30,38,35,11,9,39,-95,-110,-190,-164,-241,-187,-247,-186,-194,-87,-85,0,-181,-174,-270,-240,-297,-204,-308,-313,-316,-312,-502,-25,-30,-38,-35,-56,-39,-10,-4,-4,-1063,-666,-29992,-709,-29993,-29994,-29999]} 1. e4 c5 2. Nf3 e6 3. d4 cxd4 4. Nxd4 a6 5. Nc3 b5 6. Be3 Bb7 7. f3 Nf6 {B43: Sicilian: Kan Variation: 5 Nc3.} 8. Qd2 Qc7 9. Be2 d5 {The position is equal.} 10. exd5 Nxd5 (10... b4 {keeps more tension.} 11. Ne4 Nxd5 12. Bf2 Nd7 13. Bg3 Qb6) 11. Nxd5 Bxd5 12. O-O Bd6 {[#]} 13. a4 $146 ({Better is} 13. f4 $14) ({Predecessor:} 13. h3 Nd7 14. Nf5 Be5 15. c3 Nb6 16. Bxb6 Qxb6+ 17. Qe3 Qxe3+ 18. Nxe3 Bb7 19. Rad1 {0-1 (44) Tobar,E (1840)-Romero Echeverria,A (2064) Cali 2009}) 13... b4 $11 14. Rac1 Bxh2+ 15. Kh1 Bd6 ({Black should try} 15... Bg3 $11) 16. c4 $14 bxc3 17. Rxc3 Qb7 18. Rfc1 (18. Bc4 $14 Bb4 19. Nf5 (19. Bxd5 Qxd5 20. Rc8+ {[%mdl 64] Discovered Attack} Kd7 $15) 19... Bxc4 20. Nxg7+ Ke7 21. Bc5+ $1 {[%mdl 576] Decoy} Bxc5 22. Qg5+ Kf8 23. Qxc5+ Kxg7 24. Rxc4) 18... O-O $17 19. Qc2 (19. R3c2 $17 {is a better defense.}) 19... Qe7 $1 $19 20. Bd3 (20. Bf2 $142) 20... Qh4+ 21. Kg1 Qh2+ 22. Kf1 Qh1+ (22... Nd7 $19 {White must now prevent ...Bg3.} 23. Qf2 Ne5) 23. Kf2 $17 {[#]} Qh4+ (23... Qh2 $2 24. Kf1 $17) ({Black should play} 23... Qh5 $1 $17 24. Be4 Nd7 25. Bxd5 exd5) 24. Kf1 $2 {[#]} (24. Kg1 $1 $11) 24... Nd7 $1 $19 25. Bf2 (25. Qf2 $142 Bg3 26. Qg1) 25... Qh5 26. Ne2 h6 27. Ng3 (27. Bd4 $142) 27... Qh2 28. Ne4 Be5 29. Ra3 $2 (29. Bg1 {was worth a try.} Qh1 30. Nf2) 29... Rfc8 $2 (29... Qh1+ $19 30. Ke2 Qxg2) 30. Qxc8+ $11 Rxc8 31. Rxc8+ Nf8 {And now ...Qh1+ would win.} 32. Bc5 f5 $36 {[%mdl 2048] Hoping for ...Qh1+. Black is more active.} 33. Rxf8+ Kh7 34. Ng3 $2 {[%mdl 8192] Loses the game.} (34. Nf2 $11) 34... Qxg3 35. Kg1 Qe1+ 36. Bf1 Bc4 {[%csl Gc4][%cal Re1f1]} 37. Bf2 Qxf1# {Accuracy: White = 41%, Black = 60%.} 0-1

[Event "Is Bankasi Online Satranc Turn.13-14 Yas"]
[Site "T#645826Mustafa Kemal"]
[Date "2020.05.08"]
[Round "2"]
[White "salihegeatakis36"]
[Black "Cavittankilica52"]
[Result "1-0"]
[WhiteElo "1620"]
[BlackElo "1620"]
[Annotator "NA RC"]
[PlyCount "39"]
[EventDate "2020.05.08"]
[EventType "swiss (blitz)"]

1. e4 {[%emt 0:00:03]} e5 {[%emt 0:00:02]} 2. Nf3 {[%emt 0:00:02]} Nc6 {[%emt 0:00:03]} 3. d4 {[%emt 0:00:02]} exd4 {[%emt 0:00:02]} 4. Nxd4 {[%emt 0:00:01]} Nf6 {[%emt 0:00:04]} 5. Bg5 {[%emt 0:00:10]} Be7 {[%emt 0:00:06]} 6. Nxc6 {[%emt 0:00:03]} bxc6 {[%emt 0:00:03]} 7. Nc3 {[%emt 0:00:06]} Bb7 {[%emt 0:00:19]} 8. Qf3 {[%emt 0:00:19]} d5 {[%emt 0:00:21]} 9. O-O-O {[%emt 0:00:16]} Nxe4 {[%emt 0:00:27] salihegeatakis36 reconnected.} 10. Bxe7 {[%emt 0:00:16]} Qxe7 {[%emt 0:00:04]} 11. Nxe4 {[%emt 0:00:05]} Qxe4 {[%emt 0:00:03]} 12. Qxe4+ {[%emt 0:00:04]} dxe4 {[%emt 0:00:02]} 13. Bc4 {[%emt 0:00:05]} O-O {[%emt 0:00:05]} 14. Rhe1 {[%emt 0:00:02]} Rfe8 {[%emt 0:00:06]} 15. Rf1 {[%emt 0:00:13]} a6 {[%emt 0:00:03]} 16. f3 {[%emt 0:00:09]} exf3 {[%emt 0:00:03]} 17. Rxf3 {[%emt 0:00:04]} Re7 {[%emt 0:00:17]} 18. Rb3 {[%emt 0:00:07]} Bc8 {[%emt 0:00:09]} 19. Rd8+ {[%emt 0:00:09]} Re8 {[%emt 0:00:02]} 20. Rxe8# {[%emt 0:00:01] (Lag: Av=0.99s, max=1.3s)} 1-0

[Event "Is Bankasi Online Satranc Turn.13-14 Yas"]
[Site "T#645826Mustafa Kemal"]
[Date "2020.05.08"]
[Round "2"]
[White "Aktantugolbaev96"]
[Black "Ahmetserveterc84"]
[Result "1-0"]
[WhiteElo "1592"]
[BlackElo "1620"]
[Annotator "NA RC"]
[PlyCount "63"]
[EventDate "2020.05.08"]
[EventType "swiss (blitz)"]

1. e4 {[%emt 0:00:04]} e5 {[%emt 0:00:01]} 2. Nf3 {[%emt 0:00:01]} Nc6 {[%emt 0:00:01]} 3. Bc4 {[%emt 0:00:01]} h6 {[%emt 0:00:03]} 4. d4 {[%emt 0:00:04]} exd4 {[%emt 0:00:02]} 5. Nxd4 {[%emt 0:00:02]} Nf6 {[%emt 0:00:01]} 6. Nxc6 {[%emt 0:00:19]} bxc6 {[%emt 0:00:03]} 7. Bd3 {[%emt 0:00:00]} d6 {[%emt 0:00:03]} 8. O-O {[%emt 0:00:01]} d5 {[%emt 0:00:05]} 9. e5 {[%emt 0:00:05]} Ng4 {[%emt 0:00:10]} 10. Bf4 {[%emt 0:00:18]} Bc5 {[%emt 0:00:06]} 11. c3 {[%emt 0:00:24]} g5 {[%emt 0:00:09]} 12. Bg3 {[%emt 0:00:03]} h5 {[%emt 0:00:03]} 13. h4 {[%emt 0:00:24]} gxh4 {[%emt 0:00:02]} 14. Bf4 {[%emt 0:00:03]} h3 {[%emt 0:00:08]} 15. g3 {[%emt 0:00:06]} h2+ {[%emt 0:00:05]} 16. Kh1 {[%emt 0:00:01]} h4 {[%emt 0:00:02]} 17. Be3 {[%emt 0:00:06]} hxg3 {[%emt 0:00:11]} 18. Bxc5 {[%emt 0:00:04]} g2+ {[%emt 0:00:35]} 19. Kxg2 {[%emt 0:00:07]} h1=Q+ {[%emt 0:00:13]} 20. Rxh1 {[%emt 0:00:01]} Ne3+ {[%emt 0:00:17]} 21. fxe3 {[%emt 0:00:08]} Qg5+ {[%emt 0:00:03]} 22. Kf2 {[%emt 0:00:00]} Bh3 {[%emt 0:00:15]} 23. Qf3 {[%emt 0:00:08]} Qh4+ {[%emt 0:00:10]} 24. Ke2 {[%emt 0:00:04]} Qg5 {[%emt 0:00:35]} 25. Rxh3 {[%emt 0:00:08]} Rh4 {[%emt 0:00:03]} 26. Rxh4 {[%emt 0:00:05]} Qxh4 {[%emt 0:00:01]} 27. Nd2 {[%emt 0:00:02]} Qh2+ {[%emt 0:00:02]} 28. Qf2 {[%emt 0:00:01]} Qh5+ {[%emt 0:00:02]} 29. Nf3 {[%emt 0:00:03]} Kd7 {[%emt 0:00:03]} 30. Kd2 {[%emt 0:00:02]} Rg8 {[%emt 0:00:04]} 31. Rg1 {[%emt 0:00:05]} Rxg1 {[%emt 0:00:04]} 32. Nxg1 {[%emt 0:00:02] Ahmetserveterc84 terk eder (Lag: Av=0.56s, max=2.4s)} 1-0

[Event "Is Bankasi Online Satranc Turn.13-14 Yas"]
[Site "T#645826Mustafa Kemal"]
[Date "2020.05.08"]
[Round "2"]
[White "Eralpcetin82"]
[Black "Mustafaarasdon36"]
[Result "0-1"]
[WhiteElo "1554"]
[BlackElo "1620"]
[Annotator "NA RC"]
[PlyCount "32"]
[EventDate "2020.05.08"]
[EventType "swiss (blitz)"]

1. e4 {[%emt 0:00:03]} e5 {[%emt 0:00:04]} 2. Nf3 {[%emt 0:00:01]} Nc6 {[%emt 0:00:02]} 3. Bc4 {[%emt 0:00:01]} Nf6 {[%emt 0:00:02]} 4. d3 {[%emt 0:00:02]} h6 {[%emt 0:00:03]} 5. Nc3 {[%emt 0:00:02]} Bc5 {[%emt 0:00:06]} 6. O-O {[%emt 0:00:02]} d6 {[%emt 0:00:02]} 7. h3 {[%emt 0:00:02]} Bd7 {[%emt 0:00:01]} 8. Bd2 {[%emt 0:00:03]} Ne7 {[%emt 0:00:02]} 9. Ne2 {[%emt 0:00:05]} Ng6 {[%emt 0:00:01]} 10. Ng3 {[%emt 0:00:01]} Qc8 {[%emt 0:00:02]} 11. c3 {[%emt 0:00:03]} Bxh3 {[%emt 0:00:07]} 12. gxh3 {[%emt 0:00:00]} Qxh3 {[%emt 0:00:03]} 13. Nh2 {[%emt 0:00:03]} Nh4 {[%emt 0:00:06]} 14. Bxf7+ {[%emt 0:00:46]} Kxf7 {[%emt 0:00:07]} 15. Qb3+ {[%emt 0:00:03]} Ke8 {[%emt 0:00:04]} 16. Qb5+ {[%emt 0:00:09]} c6 {[%emt 0:00:02] Eralpcetin82 terk eder (Lag: Av=0.52s, max=0.8s)} 0-1